|
|
|
|
| LEADER |
00000cam a2200000 7i4500 |
| 001 |
0000066671 |
| 005 |
20161006.0 |
| 008 |
161006 |
| 020 |
|
|
|a 9789830534237
|
| 020 |
|
|
|a 9879830534183(set)
|
| 090 |
0 |
0 |
|a PR
|b MAL
|
| 100 |
1 |
|
|a Muhammad Umar
|
| 245 |
1 |
0 |
|a Pemandu berhemah
|c Muhammad Umar
|
| 260 |
|
|
|a Kuala Lumpur :
|b Pustaka Prinsip ,
|c 2007
|
| 300 |
|
|
|a 28pg. :
|b B&W
|
| 490 |
1 |
|
|a Siri Panduan Keselamatan Jalan Raya
|
| 500 |
|
|
|a Children ages 7-9 years old (orange)
|
| 650 |
|
0 |
|a Malay language
|x Readers
|
| 999 |
|
|
|a 0001049839
|b Book
|c Children Collection
|e Cawangan Tmn. Ungku Tun Aminah
|
| 999 |
|
|
|a 0001049840
|b Book
|c Children Collection
|e Cawangan Tmn. Ungku Tun Aminah
|
| 999 |
|
|
|a 0001049841
|b Book
|c Children Collection
|e Cawangan Bandar Tenggara
|
| 999 |
|
|
|a 0001049852
|b Book
|c Children Collection
|e Cawangan Bukit Gambir
|